00253nam a2200085Ia 4500008004100000082002200041100002500063245005900088300002000147230907s9999||||xx |||||||||||||| ||und|| a621.31028563bONG aOngsakul, Weerakorn. 0aArtificial intelligence in power system optimization / aix, 510 pages :